Wortprofil im Französischen /

Bibliographic Details
Main Author: Blumenthal, Peter, 1945-
Format: Book
Language:German
Published: Tübingen : Max Niemeyer Verlag, 2006.
Series:Beihefte zur Zeitschrift für romanische Philologie ; Bd. 332.
Subjects:

MARC

Tag First Indicator Second Indicator Subfields
LEADER 00000cam a22000004a 4500
001 in00002162811
005 20151103123718.0
008 060405s2006 gw b 001 0 ger c
020 |a 3484523328 
024 3 |a 9783484523326 
035 |a (OCoLC)ocm65519143 
040 |a CGU  |c CGU  |d TXA  |d UtOrBLW 
042 |a pcc 
049 |a TXAM 
050 4 |a PC2380  |b .B595 2006 
100 1 |a Blumenthal, Peter,  |d 1945- 
245 1 0 |a Wortprofil im Französischen /  |c Peter Blumenthal. 
264 1 |a Tübingen :  |b Max Niemeyer Verlag,  |c 2006. 
300 |a xi, 322 pages ;  |c 24 cm. 
336 |a text  |b txt  |2 rdacontent 
337 |a unmediated  |b n  |2 rdamedia 
338 |a volume  |b nc  |2 rdacarrier 
490 1 |a Beihefte zur Zeitschrift für romanische Philologie ;  |v Bd. 332 
650 0 |a French language  |x Word order. 
830 0 |a Beihefte zur Zeitschrift für romanische Philologie ;  |v Bd. 332. 
994 |a C0  |b TXA 
948 |a cataloged  |b h  |c 2006/5/19  |d c  |e blrosas  |f 11:22:54 am 
999 |a MARS 
999 f f |s 91eba988-cdde-36cc-93ea-bdf049d40feb  |i d1429e94-ad7d-3f14-8655-af866a780c37  |t 0 
952 f f |p normal  |a Texas A&M University  |b College Station  |c Sterling C. Evans Library  |d Evans: Library Stacks  |t 0  |e PC2380 .B595 2006  |h Library of Congress classification  |i unmediated -- volume  |m A14834111238 
998 f f |a PC2380 .B595 2006  |t 0  |l Evans: Library Stacks